Chemistry

This text provides a means by which students can develop an understanding of fundamental concepts of chemistry; the students' ability to solve problems is based on this understanding.

Đã lưu trong:
書目詳細資料
格式: 圖書
語言:Undetermined
出版: Australia Cengage Learning 2010
主題:
標簽: 添加標簽
沒有標簽, 成為第一個標記此記錄!
Thư viện lưu trữ: Trung tâm Học liệu Trường Đại học Cần Thơ
LEADER 00671nam a2200193Ia 4500
001 CTU_155353
008 210402s9999 xx 000 0 und d
020 |c 3766000 
082 |a 540 
082 |b C517 
245 0 |a Chemistry 
245 0 |c Kenneth W. Whitten... [et al.] 
260 |a Australia 
260 |b Cengage Learning 
260 |c 2010 
520 |a This text provides a means by which students can develop an understanding of fundamental concepts of chemistry; the students' ability to solve problems is based on this understanding. 
650 |a Chemistry,Hóa học 
904 |i Trọng Hải 
980 |a Trung tâm Học liệu Trường Đại học Cần Thơ